Catálogo
 En Linea

Dick thompson choral system : (Registro nro. 20232)

Detalles MARC
000 -CABECERA
campo de control de longitud fija 00421nam a2200145 u 4500
001 - NÚMERO DE CONTROL
campo de control 000020728
005 - FECHA Y HORA DE LA ÚLTIMA TRANSACCIÓN
campo de control 20200930011143.0
008 - DATOS DE LONGITUD FIJA--INFORMACIÓN GENERAL
campo de control de longitud fija 100813s1982 dr r 000 0 spa d
020 ## - NÚMERO INTERNACIONAL ESTÁNDAR DEL LIBRO
Número Internacional Estándar del Libro 0382058097
040 ## - FUENTE DE LA CATALOGACIÓN
Centro catalogador/agencia de origen DO-SdBNP
Lengua de catalogación spa
Centro/agencia transcriptor BPJMB
082 ## - NÚMERO DE LA CLASIFICACIÓN DECIMAL DEWEY
Número de clasificación xxx
Número de documento/Ítem D547t
245 00 - MENCIÓN DE TÍTULO
Título Dick thompson choral system :
Resto del título student handbook.
260 ## - PUBLICACIÓN, DISTRIBUCIÓN, ETC.
Lugar de publicación, distribución, etc. [New York] :
Nombre del editor, distribuidor, etc. Silver Burdett Company,
Fecha de publicación, distribución, etc. 1982.
300 ## - DESCRIPCIÓN FÍSICA
Extensión 32 p. :
Otras características físicas partitura ;
Dimensiones 27 cm.

No hay ítems disponibles.

Con tecnología Koha